MDQL
is popping MORE tags! Check the
thread
!
Quizzes
Events
Quiz Creation
Community
Videos
Private Events
Remove Ads
Sign In
Join for FREE
Feedback
Dark Mode
Quiz Categories
Sports
Geography
Music
Movies
Television
Just For Fun
Miscellaneous
History
Literature
Language
Science
Gaming
Entertainment
Religion
Holiday
For Kids
Quiz Lab
Recent
Popular Today
Quiz Kudos Today
Editor Picks
Curator Picks
Quizzes by...
Day
Popularity
Type
Ratings
Length
Year
Community
Subscriptions
Recent Discussions
Orange Saloon
Badges
Playlists
Quests
Create
Leaderboards
Showdown
Live 5
Trivia Bingo
Activity
Puzzle Library
Sporcle Events
Private Events
Virtual Trivia
Globe League
Become a Host
Pub Owners
SporcleCon
Opinionation
Our Games
Videos
Blog
Mobile Apps
Partnerships
Remove Ads and Go Orange
Feedback
Music
Pop Music
The Beatles
Song
Album
Lyrics
Bands
Singers
Artist
Clip
Rock
Rap
Classical
Billboard
Country Music
Kpop
Taylor Swift
Music
Pop Music
The Beatles
Song
Album
Lyrics
Bands
Singers
Artist
Clip
Rock
Rap
Classical
Billboard
Country Music
Kpop
Taylor Swift
Random Quiz
Search Sporcle
×
Quiz Lab
Quiz Lab
Music
Rock
Type in answers that appear in a list
Type in answers that appear in a list
Classic
Best Score? Go Orange.
AMA - Favorite Pop/Rock Band/Duo/Group Stats
Name the American Music Awards winners of Favorite Pop/Rock Band/Duo/Group?
By
renesmi12
4m
44 Questions
89 Plays
89 Plays
89 Plays
Comments
Comments
Give Quiz Kudos
Give Quiz Kudos
-
- Ratings
hide this ad
Replay
Link that replays current quiz
Next Quiz
Link to next quiz in quiz playlist
You Got
0%
They Got
Avg Score
34%
Avg Friend Score
Upgrade to see
Score Distribution
Jump to the score distribution portion of the page
Score
0/44
Timer
04:00
0
Plays Today
Year
Winner
% Correct
2000
Backstreet Boys
71.9%
2001
Backstreet Boys
71.9%
2002
NSYNC
64%
1979
Bee Gees
48.3%
1980
Bee Gees
48.3%
2011
Maroon 5
47.2%
2012
Maroon 5
47.2%
1981
Eagles
46.1%
1996
Eagles
46.1%
1990
New Kids on the Block
44.9%
2013
One Direction
44.9%
2014
One Direction
44.9%
2015
One Direction
44.9%
1978
Fleetwood Mac
42.7%
1998
Spice Girls
42.7%
2003
Fleetwood Mac
42.7%
1988
Bon Jovi
38.2%
1991
Aerosmith
38.2%
1994
Aerosmith
38.2%
1999
Aerosmith
38.2%
1974
The Carpenters
36%
1977
Chicago
36%
Year
Winner
% Correct
1986
Chicago
36%
2005
The Black Eyed Peas
34.8%
2009
The Black Eyed Peas
34.8%
2010
The Black Eyed Peas
34.8%
1983
Hall & Oates
32.6%
1984
Hall & Oates
32.6%
1985
Hall & Oates
32.6%
2007
Nickelback
28.1%
1997
Hootie and the Blowfish
24.7%
2003
Creed
24.7%
1975
Gladys Knight and the Pips
20.2%
1995
Ace of Base
20.2%
1976
Tony Orlando and Dawn
18%
2006
Red Hot Chili Peppers
18%
1982
Air Supply
16.9%
2004
Outkast
16.9%
1993
Genesis
14.6%
1987
Huey Lewis and the News
13.5%
2016
Twenty One Pilots
13.5%
2008
Daughtry
12.4%
1989
Gloria Estefan & Miami Sound Machine
11.2%
1992
C+C Music Factory
11.2%
Quiz Playlist
Details
Report
Send in Message
Add To Playlist
Classic:
Type in answers that appear in a list
Quiz Source
Last Updated: Aug 12, 2017
Quiz Scoreboard
CHALLENGE
Sign Up to Join the Scoreboard
Show All
Scores
Hide
Comments
May contain spoilers
Recently Published
Colored Red Africa Blitz
by spor1
Geography
30s
Find the 'City' Movie
by crazypaving
Movies
60s
5x2 Blitz: Bands
by SL_Kpop136
Music
30s
More to Explore
Quiz From the Vault
Featured Blog Post
14 Easter Pick-up Lines to Find Eggs With
hide this ad
You Might Also Like...
Tags
Pop Music Quiz
Rock Quiz
ama
America
Award
Favorite
group
Pop Rock
Winner
Today's Top Quizzes in Music
Browse Music
hide this ad
Today's Top Quizzes in Rock
Browse Rock
Top Contributed Quizzes in Music
1
5X2 Blitz: Bands II
2
Taylor Swift All Songs (2024)
3
Taylor Swift Logic Puzzle II
4
5X2 Blitz: The Beatles
5
5X2 Blitz: Billboard
6
Taylor Swift Logic Puzzle
7
5X2 Blitz: Billboard II
8
5X2 Blitz: Album
9
5X2 Blitz: Singers
10
Music Artist by Three 2010s hits
Explore More
Trending Topics
Anime
Disney
Crossword
NBA
Harry Potter
Marvel
Kpop
The Office
NFL
Soccer
WWE
Puzzle
Country
Song
Pokémon
hide this ad
More By:
renesmi12
Quiz
Plays
Rating
Category
Featured
Created
5 Blitz: Singers (Men)
21,195
4.52
Music
Sep 3, 2020
Missing Word: Taylor Swift Songs Last Words (A-Z)
18,634
4.56
Just For Fun
Mar 17, 2019
5 Blitz: Singers (Women)
16,278
4.35
Music
Aug 4, 2020
Follow That Line: Avengers - Infinity War
9,338
4.38
Movies
May 1, 2018
Follow That Line: Thor - Ragnarok
8,966
4.06
Movies
Nov 20, 2017
Go to Creator's Profile
Score Distribution
Quiz Creator Spotlight
renesmi12
Follow
Send a Message
Quizzes Created
-
Created Quiz Play Count
-
More By This Creator
Popular Quizzes Today
1
Colored Red Africa Blitz
2
Find the 'City' Movie
3
Find the US States - No Outlines Minefield
4
5x2 Blitz: Bands
5
The Countries of the World
6
Find the US States
7
US States
8
9x9 Crossword: Cartoon Network
More Music Quizzes
2020 Rap/Hip-Hop Songs
Curator's Pick
Trending Quizzes
Colored Red Europe Blitz I
Colored Red Europe Blitz II
Colored Red Africa Blitz II
Colored Red Africa Blitz III
Colored Red Europe Blitz III
Recently Updated
Godzilla Movies
pecheneg
Grab Bag: 4-10 Letters
pecheneg
2024 March Madness Bracket
pecheneg
Famous TV Couples
Peacemaker
Champions League XIs: Real Madrid
pecheneg
Largest US Cities 1790-2010
pecheneg
Rides in Walt Disney World
pecheneg
Most Oscar Losses (Acting)
pecheneg
Beyoncé Albums
pecheneg
Leaping Animals
pecheneg
Trending Topics
Marvel
Harry Potter
Anime
Kpop
NBA
Disney
Crossword
Country
Soccer
Song
The Office
WWE
Pokémon
NFL
Puzzle
Your Account Isn't Verified!
In order to create a playlist on Sporcle, you need to verify the email address you used during registration. Go to your
Sporcle Settings
to finish the process.
Report this User
Report this user for behavior that violates our
Community Guidelines
.
Details:
Send Report
Go to the Sporcle.com Mobile Site →
Comments